| 000 | 00422nam a2200181Ia 4500 | ||
|---|---|---|---|
| 999 |
_c62458 _d62458 |
||
| 001 | 62028 | ||
| 003 | OSt | ||
| 005 | 20220119122531.0 | ||
| 008 | 141119s9999 xx 000 0 und d | ||
| 020 | _aNA | ||
| 040 | _cPK-LaUMT | ||
| 082 |
_a 346.00264P _bCIV- |
||
| 245 | _aCivil law cases [CLC, 2012] | ||
| 260 |
_aLahore,Pakistan: _bThe Civil Law Cases, _c2012 |
||
| 300 | _a2004 p. | ||
| 546 | _aEN | ||
| 942 |
_cLPJ _2ddc |
||